Top Natural Gas Producing Countries - Statistics

General Stats
  • This quiz has been taken 228 times
  • The average score is 15 of 20
Answer Stats
# Total (thousand cubic metres) Answer % Correct
1. 772,800,000 United States
100%
2. 665,600,000 Russia
98%
8. 109,300,000 Saudi Arabia
95%
5. 159,100,000 Canada
94%
6. 145,900,000 China
91%
3. 214,500,000 Iran
90%
19. 42,110,000 United Kingdom
87%
14. 62,010,000 United Arab Emirates
82%
7. 123,900,000 Norway
81%
4. 166,400,000 Qatar
81%
9. 105,200,000 Australia
78%
10. 93,500,000 Algeria
72%
16. 50,860,000 Egypt
70%
12. 72,090,000 Indonesia
70%
18. 44,480,000 Nigeria
64%
20. 40,920,000 Argentina
47%
13. 69,490,000 Malaysia
46%
11. 77,450,000 Turkmenistan
43%
15. 52,100,000 Uzbekistan
37%
17. 45,330,000 Netherlands
30%
No matching quizzes found
Score Distribution
Percent of People with Each Score
Percentile by Number Answered
Your Score History
You have not taken this quiz